00000000nas 2200000za 4500
0019.861303
003CaOODSP
00520221107160724
007cr |||||||||||
008180829d20182018oncar p o    f0   b0fre|d
022 |a2562-0088
040 |aCaOODSP|bfre
043 |an-cn---
0861 |aIu1-25/1F-PDF
222 0|aSondage annuel d'ISDE. Sommaire|b(En ligne)
24500|aSondage annuel d'ISDE. |pSommaire |h[ressource électronique].
2463 |aSondage annuel d'Innovation, sciences et développement économique Canada. |psommaire.
260 |aOttawa : |bInnovation, Sciences et Développement économique Canada, |c[2018]-[2018]
310 |aAnnuel
3621 |aParaît depuis: 2018; ne paraît plus après 2018.
500 |aPublié également en français sous le titre: ISED annual survey. Executive summary.
530 |aÉgalement publ. en version imprimée.
69207|2gccst|aSondage
69207|2gccst|aDéveloppement économique
7101 |aCanada. |bInnovation, sciences et développement économique Canada.
77508|tISED Canada annual survey. |w(CaOODSP)9.861295
7760#|tSondage annuel d'ISDE. |w(CaOODSP)9.861308